000 00351 a2200157 4500
001 56828
020 _a8532239064
040 _cAnchieta - Pituba
100 _aGaldino, Luiz
240 1 0 _aViagem ao reino das sombras
_lpor
245 1 0 _aViagem ao reino das sombras
300 _a87
362 0 _a1999
650 4 _aLiteratura juvenil
942 _cBK
999 _c56828
_d56828